CESMM4 (Record no. 114628)

MARC details
000 -LEADER
fixed length control field 00763cam a22002295a 4500
001 - CONTROL NUMBER
control field L157149
008 - FIXED-LENGTH DATA ELEMENTS--GENERAL INFORMATION
fixed length control field 120910s2012 xxk f 000 0 eng d
020 ## - INTERNATIONAL STANDARD BOOK NUMBER
International Standard Book Number 9780727757517
035 ## - SYSTEM CONTROL NUMBER
System control number (Sirsi) u157149
041 0# - LANGUAGE CODE
Language code of text/sound track or separate title eng
050 04 - LIBRARY OF CONGRESS CALL NUMBER
Classification number 624.03 $2 18
110 2# - MAIN ENTRY--CORPORATE NAME
Corporate name or jurisdiction name as entry element Institution of Civil Engineers
9 (RLIN) 1402
245 00 - TITLE STATEMENT
Title CESMM4
Remainder of title civil engineering standard of method of measurement
250 ## - EDITION STATEMENT
Edition statement 4th ed.
260 ## - PUBLICATION, DISTRIBUTION, ETC.
Place of publication, distribution, etc. London
Name of publisher, distributor, etc. ICE
Date of publication, distribution, etc. 2012
300 ## - PHYSICAL DESCRIPTION
Extent xii, 111p.
Dimensions 30cm.
520 ## - SUMMARY, ETC.
Summary, etc. A new update of the Civil Engineering Standard Method of Measurement (CESMM4). CESMM4 can be used with a variety of contracts and can be used internationally.
651 #4 - SUBJECT ADDED ENTRY--GEOGRAPHIC NAME
Geographic name International
690 ## - LOCAL SUBJECT ADDED ENTRY--TOPICAL TERM (OCLC, RLIN)
Topical term or geographic name as entry element Contracts
9 (RLIN) 6232
690 ## - LOCAL SUBJECT ADDED ENTRY--TOPICAL TERM (OCLC, RLIN)
Topical term or geographic name as entry element Construction management
9 (RLIN) 6230
942 ## - ADDED ENTRY ELEMENTS (KOHA)
Suppress in OPAC 0
Holdings
Withdrawn status Lost status Source of classification or shelving scheme Damaged status Not for loan Home library Current library Shelving location Date acquired Cost, normal purchase price Total Checkouts Full call number Barcode Date due Date last seen Date last checked out Copy number Cost, replacement price Price effective from Koha item type
    Dewey Decimal Classification     London London Books 20/11/2012 42.90 2 F624.03 INS 30077500 08/08/2024 23/07/2024 23/07/2024 1 42.90 06/08/2019 Book